[Event "Lleida-ch"]
[Site "Bellcaire"]
[Date "2016.11.20"]
[Round "8"]
[White "Ribera Pane, Jaume"]
[Black "Farre Regada, Julian"]
[Result "1-0"]
[WhiteElo "2079"]
[BlackElo "1845"]
[PlyCount "115"]
[EventDate "2016.10.02"]
[EventType "swiss"]
[EventRounds "9"]
[EventCountry "ESP"]
[SourceTitle "EXT 2018"]
[Source "ChessBase"]
[SourceDate "2017.10.13"]
[SourceVersion "1"]
[SourceVersionDate "2017.10.13"]
[SourceQuality "1"]

1. d4 d5 2. c4 dxc4 3. g3 Nf6 4. Nf3 c5 5. Qa4+ Bd7 6. Qxc4 cxd4 7. Nxd4 e5 8. Nf3 Nc6 9. Nc3 Bb4 10. Bg2 0-0 11. 0-0 Bxc3 12. Qxc3 Re8 13. Rd1 Qe7 14. Bg5 Rad8 15. Rac1 h6 16. Be3 Rc8 17. Bc5 Qe6 18. Qa3 Ne4 19. Be3 Red8 20. b3 Be8 21. Qb2 Nf6 22. Ne1 Nd5 23. Bxd5 Rxd5 24. Rxd5 Qxd5 25. Qd2 Qxd2 26. Bxd2 Bd7 27. Nd3 f6 28. Nc5 Nd4 29. Kf1 Bc6 30. f3 Rd8 31. Be3 Nf5 32. Bf2 Rd2 33. a4 Kf7 34. b4 Nd4 35. Bxd4 exd4 36. b5 Bd5 37. Nxb7 Kg6 38. Nc5 Ra2 39. Ke1 Kf5 40. Kd1 Ke5 41. Rc2 Ra3 42. Kd2 Kd6 43. h4 Rc3 44. Nd3 Ra3 45. Rc8 Ra2+ 46. Ke1 Kd7 47. Rc5 Be6 48. Nf4 Bf7 49. Nh5 Bxh5 50. Rxh5 Rxa4 51. Kd2 Kd6 52. Kd3 Rb4 53. Ke4 Ra4 54. Rd5+ Ke6 55. Rxd4 f5+ 56. Ke3 Ra5 57. Rb4 Kd5 58. Kf4 1-0

[Event "Lleida-ch"]
[Site "Bellcaire"]
[Date "2016.11.06"]
[Round "6"]
[White "Sole Gonzalez, Edgar"]
[Black "Farre Regada, Julian"]
[Result "1/2-1/2"]
[WhiteElo "1879"]
[BlackElo "1845"]
[PlyCount "120"]
[EventDate "2016.10.02"]
[EventType "swiss"]
[EventRounds "9"]
[EventCountry "ESP"]
[SourceTitle "EXT 2018"]
[Source "ChessBase"]
[SourceDate "2017.10.13"]
[SourceVersion "1"]
[SourceVersionDate "2017.10.13"]
[SourceQuality "1"]

1. d4 d5 2. c4 dxc4 3. Nc3 c5 4. d5 a6 5. a4 e6 6. e4 exd5 7. exd5 Nf6 8. Bxc4 Be7 9. Nf3 0-0 10. 0-0 Bg4 11. Bf4 Re8 12. Qd3 Nh5 13. Bg3 Nxg3 14. fxg3 Qd6 15. Ne4 Qb6 16. Rf2 Bxf3 17. Qxf3 Rf8 18. d6 Bxd6 19. Nxd6 Qxd6 20. Bxf7+ Kh8 21. Qxb7 Nd7 22. Raf1 Qd4 23. Kh1 Rfb8 24. Qd5 Qxa4 25. Rf4 Qb5 26. Qf5 Nf6 27. Rh4 c4 28. Qg6 Qxb2 29. h3 h6 30. Rxf6 Qb1+ 31. Kh2 Qxg6 32. Rxg6 c3 33. Rc6 Rc8 34. Rhc4 Rxc6 35. Rxc6 Ra7 36. Bg6 Ra8 37. Rxc3 Kg8 38. Ra3 a5 39. g4 Kf8 40. Rf3+ Kg8 41. Bf7+ Kh7 42. Kg3 g5 43. h4 Ra7 44. Rf5 gxh4+ 45. Kxh4 a4 46. g5 a3 47. gxh6 Kxh6 48. Ba2 Rb7 49. Rf2 Rb4+ 50. Kg3 Kg5 51. Rf3 Ra4 52. Kf2 Kg4 53. Ke2 Ra5 54. Kd2 Rb5 55. Be6+ Kg5 56. Rb3 Ra5 57. Rg3+ Kh4 58. Rh3+ Kg5 59. Rd3 a2 60. Bxa2 Rxa2+ 1/2-1/2

[Event "Lleida Regional-ch"]
[Site "Lleida"]
[Date "2015.11.08"]
[Round "6"]
[White "Campos Olaya, Israel"]
[Black "Farre Regada, Julian"]
[Result "1-0"]
[WhiteElo "2319"]
[BlackElo "2075"]
[PlyCount "109"]
[EventDate "2015.09.27"]
[EventType "swiss"]
[EventRounds "9"]
[EventCountry "ESP"]
[SourceTitle "EXT 2017"]
[Source "ChessBase"]
[SourceDate "2016.10.25"]
[SourceVersion "1"]
[SourceVersionDate "2016.10.25"]
[SourceQuality "1"]

1. e4 e6 2. d3 c5 3. Nf3 d5 4. Nbd2 Nf6 5. g3 b6 6. Bg2 Bb7 7. Qe2 Be7 8. 0-0 0-0 9. e5 Nfd7 10. Re1 Nc6 11. c3 Rc8 12. Nf1 Ba6 13. Bf4 b5 14. h4 Re8 15. N1h2 c4 16. d4 b4 17. Ng5 h6 18. Qh5 hxg5 19. hxg5 Nf8 20. Ng4 Ng6 21. Bf3 bxc3 22. bxc3 Ba3 23. Nf6+ Kf8 24. Rab1 Ke7 25. Nxe8 Qxe8 26. Bc1 Bxc1 27. Rexc1 Qd8 28. Bg2 Rb8 29. Qe2 Rxb1 30. Rxb1 Qa5 31. Qb2 Nf8 32. Bf3 Nd7 33. Kg2 Kf8 34. g6 f6 35. exf6 Nxf6 36. Rh1 Ke7 37. Rh8 Ne8 38. Qd2 Qc7 39. Qc1 Qd6 40. Qg5+ Kd7 41. Rg8 Qe7 42. Qf4 Qf6 43. Qxf6 gxf6 44. Bh5 Ne7 45. Rh8 e5 46. dxe5 fxe5 47. Bg4+ Kd8 48. g7 d4 49. Bh5 Bb5 50. Kf1 dxc3 51. Ke1 Ba4 52. Bf7 c2 53. Kd2 c3+ 54. Kc1 Nf5 55. Rxe8+ 1-0

[Event "Lleida Regional-ch"]
[Site "Lleida"]
[Date "2015.10.25"]
[Round "4"]
[White "Farre Regada, Julian"]
[Black "Rodon Balcells, Jaume"]
[Result "1-0"]
[WhiteElo "2075"]
[BlackElo "1980"]
[PlyCount "95"]
[EventDate "2015.09.27"]
[EventType "swiss"]
[EventRounds "9"]
[EventCountry "ESP"]
[SourceTitle "EXT 2017"]
[Source "ChessBase"]
[SourceDate "2016.10.25"]
[SourceVersion "1"]
[SourceVersionDate "2016.10.25"]
[SourceQuality "1"]

1. d4 Nf6 2. c4 e6 3. Nf3 b6 4. g3 Bb4+ 5. Nc3 Bb7 6. Bg2 0-0 7. Qb3 Nc6 8. 0-0 Bxc3 9. bxc3 h6 10. Qc2 Na5 11. Nd2 Bxg2 12. Kxg2 d5 13. cxd5 exd5 14. Ba3 Re8 15. Rae1 Qd7 16. h3 Re6 17. e3 Rae8 18. Bb4 Nb7 19. Nf3 c5 20. dxc5 bxc5 21. Ba3 Ne4 22. c4 Ra6 23. Bc1 dxc4 24. Qxc4 Qc6 25. Re2 Nbd6 26. Qb3 c4 27. Qc2 c3 28. Nd4 Qd7 29. f3 Ng5 30. g4 Rc8 31. Qd3 Qb7 32. h4 Nh7 33. Rd1 Nf6 34. Nf5 Nxf5 35. Qxf5 g6 36. Qf4 Kg7 37. e4 c2 38. Rde1 Ng8 39. e5 Rcc6 40. Qd4 Kh7 41. h5 Rxa2 42. Qd5 Raa6 43. e6 Nf6 44. hxg6+ fxg6 45. Qd8 Qg7 46. e7 Rd6 47. e8Q Nxe8 48. Qxe8 1-0

[Event "Lleida Regional-ch"]
[Site "Lleida"]
[Date "2015.10.11"]
[Round "3"]
[White "Arnillas Moles, Josep"]
[Black "Farre Regada, Julian"]
[Result "0-1"]
[WhiteElo "2059"]
[BlackElo "2075"]
[PlyCount "58"]
[EventDate "2015.09.27"]
[EventType "swiss"]
[EventRounds "9"]
[EventCountry "ESP"]
[SourceTitle "EXT 2017"]
[Source "ChessBase"]
[SourceDate "2016.10.25"]
[SourceVersion "1"]
[SourceVersionDate "2016.10.25"]
[SourceQuality "1"]

1. e4 e5 2. Nc3 Nf6 3. Bc4 Be7 4. d3 d6 5. f4 exf4 6. Bxf4 Nc6 7. Nf3 Bg4 8. h3 Bh5 9. Bb5 0-0 10. g4 Bg6 11. h4 h5 12. Bxc6 bxc6 13. Nd4 Nxg4 14. Nxc6 Bxh4+ 15. Ke2 Qd7 16. Rxh4 Qxc6 17. Nd5 Rae8 18. c4 Qb7 19. b3 f5 20. Rxg4 hxg4 21. Kd2 Qc8 22. Bg5 Qd7 23. Qg1 fxe4 24. Qxa7 Qf5 25. Be3 Qe5 26. Bd4 Qh2+ 27. Kc3 Rf7 28. dxe4 c5 29. Qxf7+ Bxf7 0-1

[Event "Lleida Province-ch"]
[Site "Tornabous"]
[Date "2014.11.16"]
[Round "7"]
[White "Farre Regada, Julian"]
[Black "Rodon Balcells, Jaume"]
[Result "0-1"]
[WhiteElo "2053"]
[BlackElo "1937"]
[PlyCount "92"]
[EventDate "2014.10.05"]
[EventType "swiss"]
[EventRounds "9"]
[EventCountry "ESP"]
[SourceTitle "CBM 163 Extra"]
[Source "ChessBase"]
[SourceDate "2014.12.23"]
[SourceVersion "1"]
[SourceVersionDate "2014.12.23"]
[SourceQuality "1"]

1. e4 c5 2. Nf3 g6 3. d4 cxd4 4. Qxd4 Nf6 5. Nc3 Nc6 6. Qa4 d6 7. e5 dxe5 8. Nxe5 Qd4 9. Nxc6 Qxa4 10. Nxa4 bxc6 11. Bd3 Nd5 12. Bd2 Bg7 13. c4 Nb6 14. Bc3 e5 15. Be4 Bd7 16. Nxb6 axb6 17. 0-0 f5 18. Bf3 0-0 19. Rfd1 Ra7 20. Rd6 e4 21. Bxg7 Kxg7 22. Rad1 exf3 23. Rxd7+ Rf7 24. Rxf7+ Kxf7 25. a3 fxg2 26. Rd6 Rc7 27. Rd8 Rb7 28. Rh8 Ke6 29. Rd8 Ke5 30. Kxg2 c5 31. h4 Kf4 32. f3 Re7 33. b4 Re2+ 34. Kf1 Re3 35. bxc5 bxc5 36. Rd7 Rxa3 37. Rxh7 Kxf3 38. Ke1 Re3+ 39. Kd2 Re4 40. h5 gxh5 41. Rxh5 Kg4 42. Rh8 f4 43. Kd3 Rd4+ 44. Kc3 f3 45. Rg8+ Kh3 46. Rf8 Kg3 0-1

[Event "Lleida Province-ch"]
[Site "Tornabous"]
[Date "2014.10.19"]
[Round "3"]
[White "Farre Regada, Julian"]
[Black "Parramon Guillaumet, Jaime"]
[Result "1/2-1/2"]
[WhiteElo "2053"]
[BlackElo "2103"]
[PlyCount "129"]
[EventDate "2014.10.05"]
[EventType "swiss"]
[EventRounds "9"]
[EventCountry "ESP"]
[SourceTitle "CBM 163 Extra"]
[Source "ChessBase"]
[SourceDate "2014.12.23"]
[SourceVersion "1"]
[SourceVersionDate "2014.12.23"]
[SourceQuality "1"]

1. d4 Nf6 2. c4 c5 3. d5 d6 4. Nc3 g6 5. Nf3 Bg7 6. h3 0-0 7. e4 Nbd7 8. Bd3 a6 9. 0-0 Rb8 10. a4 Re8 11. Re1 e5 12. dxe6 fxe6 13. Bf4 e5 14. Bg5 Qb6 15. Qd2 Qc6 16. Rad1 b6 17. Bc2 Bf8 18. Bh6 Be7 19. Bg5 Bf8 20. Nh2 Bb7 21. Nf1 Rbd8 22. Nd5 Re6 23. Qe2 Rde8 24. Nfe3 h6 25. Bh4 Kh7 26. Ng4 Bg7 27. Rd2 Nh5 28. Red1 Ndf6 29. Ngxf6+ Nxf6 30. g4 Rf8 31. Bg3 Rf7 32. b3 Ne8 33. Rd3 b5 34. Rf3 Rxf3 35. Qxf3 Qd7 36. axb5 Bxd5 37. Rxd5 axb5 38. Qd1 Qb7 39. f3 b4 40. Qa1 Qf7 41. Rd2 Qxf3 42. Kh2 Qf7 43. Qa8 Re7 44. Rf2 Qe6 45. Bh4 g5 46. Bg3 Rf7 47. Rf5 Bf6 48. Qc6 Ng7 49. Rf1 Qe7 50. Rd1 Ne8 51. Ra1 Qf8 52. Ra8 Re7 53. Qxd6 Nxd6 54. Rxf8 Kg7 55. Rd8 Nf7 56. Rd5 Ra7 57. Rd2 Ra2 58. Be1 Be7 59. Kg3 Kf6 60. Kf3 Nd8 61. h4 Ne6 62. hxg5+ hxg5 63. Bd1 Rxd2 64. Bxd2 Nd4+ 65. Ke3 1/2-1/2

[Event "Lleida Province-ch"]
[Site "Balaguer"]
[Date "2013.10.20"]
[Round "3"]
[White "Farre Regada, Julian"]
[Black "Campos Olaya, Israel"]
[Result "1-0"]
[WhiteElo "1878"]
[BlackElo "2165"]
[PlyCount "54"]
[EventDate "2013.10.06"]
[EventType "swiss"]
[EventRounds "9"]
[EventCountry "ESP"]
[SourceTitle "CBM 157 Extra"]
[Source "ChessBase"]
[SourceDate "2013.12.19"]
[SourceVersion "1"]
[SourceVersionDate "2013.12.19"]
[SourceQuality "1"]

1. e4 c6 2. d4 d5 3. exd5 cxd5 4. Bd3 Nc6 5. c3 Nf6 6. Bf4 Bg4 7. Qb3 Qd7 8. Nd2 e6 9. Ngf3 Bxf3 10. Nxf3 Bd6 11. Bxd6 Qxd6 12. 0-0 0-0 13. Rfe1 Qc7 14. h3 Rab8 15. Ne5 Nxe5 16. Rxe5 b5 17. Rc1 b4 18. c4 dxc4 19. Rxc4 Qb6 20. Rec5 a5 21. Qa4 Ra8 22. Be2 Ne4 23. Rc6 Qd8 24. Qc2 Nd6 25. R4c5 Nb7 26. Rb5 Nd6 27. Rbc5 Rc8 1-0

[Event "Lleida Province-ch"]
[Site "Almenar"]
[Date "2010.10.??"]
[Round "5"]
[White "Farre Regada, Julian"]
[Black "Rodon Balcells, Jaume"]
[Result "1-0"]
[WhiteElo "1892"]
[BlackElo "1926"]
[PlyCount "63"]
[EventDate "2010.10.10"]
[EventType "swiss"]
[EventRounds "9"]
[EventCountry "ESP"]
[SourceTitle "EXT 2015"]
[Source "ChessBase"]
[SourceDate "2014.11.20"]
[SourceVersion "1"]
[SourceVersionDate "2014.11.20"]
[SourceQuality "1"]

1. e4 d5 2. exd5 Nf6 3. d4 Nxd5 4. c4 Nf6 5. Nc3 e6 6. Nf3 Nbd7 7. Bf4 c6 8. a3 Nh5 9. Bg5 Be7 10. Ne4 0-0 11. Qd2 Nhf6 12. Ng3 a5 13. Bd3 a4 14. 0-0 c5 15. Bc2 cxd4 16. Nxd4 Qc7 17. Rac1 Rd8 18. Qe2 b6 19. Rfe1 h6 20. Nxe6 fxe6 21. Qxe6+ Kh8 22. Qxe7 Re8 23. Qxe8+ Ng8 24. Qg6 Nf8 25. Qh5 Bb7 26. Bd2 Ra5 27. Bxa5 bxa5 28. Qf5 Nf6 29. Ne4 Qc6 30. Bxa4 Qxa4 31. Nxf6 Qc6 32. Nd5 1-0

[Event "Lleida Province-ch"]
[Site "Almenar"]
[Date "2010.10.??"]
[Round "1"]
[White "Llavall Sans, Daniel"]
[Black "Farre Regada, Julian"]
[Result "1-0"]
[WhiteElo "2032"]
[BlackElo "1892"]
[PlyCount "63"]
[EventDate "2010.10.10"]
[EventType "swiss"]
[EventRounds "9"]
[EventCountry "ESP"]
[SourceTitle "EXT 2015"]
[Source "ChessBase"]
[SourceDate "2014.11.20"]
[SourceVersion "1"]
[SourceVersionDate "2014.11.20"]
[SourceQuality "1"]

1. c3 d5 2. d4 Nc6 3. Bf4 Nf6 4. Nf3 Bf5 5. Qb3 Rb8 6. e3 a6 7. h3 e6 8. Nbd2 Bd6 9. Bxd6 Qxd6 10. c4 dxc4 11. Bxc4 0-0 12. Qc3 Ne4 13. Nxe4 Bxe4 14. Be2 Nb4 15. 0-0 Rbc8 16. Nd2 Bg6 17. Nb3 Nd5 18. Qd2 Qb4 19. Qxb4 Nxb4 20. Nc5 Nc2 21. Rac1 b6 22. Nd7 Rfd8 23. Ne5 Be4 24. Bd3 Bxd3 25. Nxd3 Nxd4 26. exd4 Rxd4 27. Ne5 c5 28. Nf3 Rb4 29. b3 Kf8 30. Rfd1 Ke7 31. Ne5 b5 32. a3 1-0